Capoluoghi che iniziano con la F - Statistics

Statistiche generali
  • Questo quiz è stato fatto 77 volte
  • Il punteggio medio è 6 su 6
Statistiche sulle risposte
Popolazione (ab.) Regione Capoluogo % Corretto
380 885 Toscana Firenze
100%
151 371 Puglia Foggia
97%
117 627 Emilia-Romagna Forlì
94%
46 063 Lazio Frosinone
92%
37 235 Marche Fermo
91%
132 064 Emilia-Romagna Ferrara
91%
Nessun quiz corrispondente trovato
Distribuzione punteggi
Percentuale di utenti per punteggio
Percentile per numero di risposta
I tuoi punteggi nel tempo
Non hai fatto questo quiz